Exploring the planets / (Record no. 4994)

MARC details
000 -LEADER
fixed length control field 00972pam a2200277 a 4500
001 - CONTROL NUMBER
control field 2926888
003 - CONTROL NUMBER IDENTIFIER
control field 20170206130409.0
005 - DATE AND TIME OF LATEST TRANSACTION
control field 20240606080947.0
008 - FIXED-LENGTH DATA ELEMENTS--GENERAL INFORMATION
fixed length control field 891002s1990 nyua b 001 0 eng
010 ## - LIBRARY OF CONGRESS CONTROL NUMBER
LC control number 89028497
020 ## - INTERNATIONAL STANDARD BOOK NUMBER
International Standard Book Number 0023494808
040 ## - CATALOGING SOURCE
Original cataloging agency DLC
Transcribing agency DLC
Modifying agency DLC
050 00 - LIBRARY OF CONGRESS CALL NUMBER
Classification number QB603.G46
Item number H36 1990
082 00 - DEWEY DECIMAL CLASSIFICATION NUMBER
Classification number 559.92
Edition information 20
100 1# - MAIN ENTRY--PERSONAL NAME
Personal name Hamblin, W. Kenneth
Fuller form of name (William Kenneth),
Dates associated with a name 1928-2009.
245 10 - TITLE STATEMENT
Title Exploring the planets /
260 ## - PUBLICATION, DISTRIBUTION, ETC.
Place of publication, distribution, etc. New York :
Name of publisher, distributor, etc. Macmillan Pub. Co. ;
Place of publication, distribution, etc. London :
Name of publisher, distributor, etc. Collier Macmillan,
Date of publication, distribution, etc. c1990.
300 ## - PHYSICAL DESCRIPTION
Extent ix, 451 p. :
Other physical details ill. ;
Dimensions 28 cm.
504 ## - BIBLIOGRAPHY, ETC. NOTE
Bibliography, etc. note Includes bibliographical references.
650 #0 - SUBJECT ADDED ENTRY--TOPICAL TERM
Topical term or geographic name entry element Planets
General subdivision Geology.
650 #0 - SUBJECT ADDED ENTRY--TOPICAL TERM
Topical term or geographic name entry element Astrogeology.
700 1# - ADDED ENTRY--PERSONAL NAME
Personal name Christiansen, Eric H.
906 ## - LOCAL DATA ELEMENT F, LDF (RLIN)
a 7
b cbc
c orignew
d 1
e ocip
f 19
g y-gencatlg
942 ## - ADDED ENTRY ELEMENTS (KOHA)
Source of classification or shelving scheme Library of Congress Classification
Koha item type Books
Holdings
Withdrawn status Lost status Source of classification or shelving scheme Damaged status Not for loan Home library Current library Date acquired Total checkouts Full call number Barcode Date last seen Date last checked out Price effective from Koha item type
    Library of Congress Classification     Murang'a University of Technology Library Murang'a University of Technology Library 06/02/2017 1 QB603.G46 H36 1990 005196 30/08/2024 25/01/2021 06/02/2017 Books